| 000 | 00565nam a2200145Ia 4500 | ||
|---|---|---|---|
| 008 | 230917s9999||||xx |||||||||||||| ||und|| | ||
| 040 |
_e41560 _aMAIN |
||
| 041 | _aEnglish | ||
| 082 | _a942 C771S | ||
| 100 | _aCook, Chris | ||
| 245 | 0 | _aSources in British political history 1900-1951 4V. V2: A guide to the private papers of selected public servants. V3:A guide to the private papers of mambers of parliament:A K. V4:A guide to the private papers of members of parliament:L-Z | |
| 260 |
_aLondon _bMacmillan _c1977 |
||
| 300 | _a297 p. ; 271 ; 281 | ||
| 942 | _cBK | ||
| 999 |
_c195694 _d195694 |
||